Statistics for 2024 NFL Top 3 players from each team

Click here to take the quiz!

General Stats

  • This quiz has been taken 145 times
  • The average score is 20 of 96

Answer Stats

HintAnswer% Correct
Arizona CardinalsKyler Murray
88%
Amon Ra St. Brown
69%
AJ Brown
65%
Baltimore RavensLamar Jackson
65%
Buffalo BillsJosh Allen
60%
Keenan Allen
58%
Garrett Wilson
54%
Aaron Jones
47%
Chris Jones
47%
Stefon Diggs
47%
Dallas CowboysDak Prescott
46%
Detroit LionsJared Goff
46%
Chicago BearsJustin Fields
46%
Kansas City ChiefsPatrick Mahomes
45%
CeeDee Lamb
44%
Cincinnati BengalsJa’Marr Chase
42%
LA RamsMatthew Stafford
42%
Travis Kelce
42%
Green Bay PackersJordan Love
38%
Jacksonville JaguarsTrevor Lawrence
37%
Davante Adams
36%
Philadelphia EaglesJalen Hurts
36%
Micah Parsons
36%
Houston TexansCJ Stroud
35%
Tyreek Hill
35%
Nick Bosa
34%
DJ Moore
33%
Minnesota VikingsJustin Jefferson
33%
Amari Cooper
32%
Christian McCaffrey
32%
Puka Nacua
31%
Miami DolphinsTua Tagovailoa
31%
Tennessee TitansDeAndre Hopkins
30%
Derrick Henry
30%
Bryce Young
29%
Denver BroncosCourtland Sutton
28%
Seattle SeahawksDK Metcalf
28%
Mike Evans
28%
NY GiantsSaquon Barkley
28%
Jahmyr Gibbs
27%
Joe Mixon
27%
Myles Garrett
27%
Nico Collins
27%
Pittsburgh SteelersTJ Watt
27%
Tampa Bay BuccaneersBaker Mayfield
24%
San Francisco 49ersFred Warner
23%
Jerry Jeudy
22%
Sauce Gardner
22%
LV RaidersJosh Jacobs
19%
Cleveland BrownsJoe Flacco
16%
Gardner Minshew
15%
Raheem Mostert
12%
Darren Waller
11%
Lavonte David
6%
Atlanta FalconsBijan Robinson
4%
Drake London
4%
Kyren Williams
4%
Maxx Crosby
4%
Roquan Smith
4%
Derwin James
3%
New Orleans SaintsMarshon Lattimore
3%
Indianapolis ColtsMichael Pittman
3%
Pat Surtain
3%
AJ Terrell
2%
Buda Baker
2%
Cam Jordan
2%
George Pickens
2%
James Connor
2%
Kyle Hamilton
2%
Washington CommandersTerry McLaurin
2%
Travis Etienne
2%
Tyler Lockett
2%
LA ChargersAustin Ekeler
1%
Chris Olave
1%
Dallas Goedert
1%
Danielle Hunter
1%
Dexter Lawrence
1%
Foyesade Oluokun
1%
New England PatriotsKyle Dugger
1%
Romeo Doubs
1%
Will Anderson
1%
Boye Mafe
0%
DeForest Buckner
0%
Carolina PanthersDerrick Brown
0%
Ed Oliver
0%
Ivan Pace Jr.
0%
Ja'Whaun Bentley
0%
Jaylen Warren
0%
Jeffrey Simmons
0%
Jeremy Chinn
0%
NY JetsJermaine Johnson
0%
Johnathan Allen
0%
Kendall Fuller
0%
Mike Gesicki
0%
TJ Edwards
0%
Trey Hendrickson
0%

Score Distribution

Percentile by Number Answered

Percent of People with Each Score

Your Score History

You have not taken this quiz